World Capitals Closest to Grytviken - One Minute Sprint - Statistics

General Stats
  • This quiz has been taken 15 times
  • The average score is 11 of 20
Answer Stats
km capital miles % Correct
2774 Buenos Aires 1724
100%
4398 Brasilia 2733
92%
3532 Santiago 2194
92%
5011 La Paz 3133
83%
2647 Montevideo 1645
83%
3669 Asunción 2280
75%
5890 Lima 3660
75%
6092 Pretoria 3786
67%
7136 Quito 4434
58%
6692 Luanda 4158
50%
6361 Maputo 3952
50%
5747 Maseru 3571
50%
6236 Mbabane 3875
50%
6038 Gaborone 3752
42%
7094 Georgetown 4408
42%
5657 Windhoek 3515
42%
6959 Harare 4324
33%
6918 Paramaribo 4298
33%
7000 Lusaka 2350
25%
7158 Monrovia 4448
0%
No matching quizzes found
Score Distribution
Percent of People with Each Score
Percentile by Number Answered
Your Score History
You have not taken this quiz